000 00546nam a2200193Ia 4500
005 20250508155524.0
008 008 250505s9999 xx 000 0 hin d
037 _aTextual
040 _aFEDL
_beng
_cFEDL
041 _ahin
_2hin
084 _a371.42, SOL
_qFEDL
100 _aSolanki Amar Singh
_9767078
245 0 _aBunyadi shiksha me anubandhki kala
260 _aAhmedabad, India
_bNavajivan Prakashan Mandir
_c1962
300 _a239p.
365 _aINR
_b20
942 _cTEXL
_h371.42, SOL
999 _c1357401
_d1357401